00418 2200157 4500001002100000008004100021035002000062245003300082100001300115260004100128300002000169082001500189650003000204990001300234990001300247INLIS000000000000426 ind  a0010-0322000426 aPETUALANGAN DI EROMOKOcIKHA aFIDELARA aJAKARTAbBINA SUMBER DAYA MIPAc2015 a60 hlm.c25 cm. a398.395 98 aCERITA RAKYAT - INDONESIA a102648-1 a102648-2